|
|
|
|
| LEADER |
00000nam0a2200000 4500 |
| 001 |
213729 |
| 005 |
20231101225834.0 |
| 010 |
|
|
|a 9785991619844
|
| 035 |
|
|
|a (RuTPU)RU\TPU\book\233549
|
| 090 |
|
|
|a 213729
|
| 100 |
|
|
|a 20120417d2012 m y0rusy50 ca
|
| 101 |
0 |
|
|a rus
|
| 102 |
|
|
|a RU
|
| 105 |
|
|
|a a j 001zy
|
| 200 |
1 |
|
|a Микробиология
|e учебник для бакалавров
|f В. Т. Емцев, Е. Н. Мишустин
|
| 205 |
|
|
|a 8-е изд., испр. и доп.
|
| 210 |
|
|
|a Москва
|c Юрайт
|d 2012
|
| 215 |
|
|
|a 446 с.
|c ил.
|
| 225 |
1 |
|
|a Бакалавр. Углубленный курс
|
| 320 |
|
|
|a Библиогр.: с. 427.
|
| 320 |
|
|
|a Указатель латинских названий: с. 432-441.
|
| 330 |
|
|
|a Учебник состоит из двух разделов: «Общая микробиология» и «Сельскохозяйственная микробиология». В первом разделе представлено строение микроорганизмов, их систематика и основные свойства. Второй раздел посвящен практическому использованию микроорганизмов в различных технологических процессах сельского хозяйства. Соответствует Федеральному государственному образовательному стандарту высшего профессионального образования третьего поколения.
|
| 452 |
|
1 |
|0 (RuTPU)RU\TPU\book\264177
|t Микробиология
|o учебник для бакалавров
|f В. Т. Емцев, Е. Н. Мишустин
|e 8-е изд.
|c Москва
|n Юрайт
|d 2014
|p 1 Мультимедиа CD-ROM
|s Электронные учебники издательства Юрайт
|a Емцев, Всеволод Тихонович
|
| 606 |
1 |
|
|a Микробиология
|2 stltpush
|3 (RuTPU)RU\TPU\subj\42262
|9 61949
|
| 610 |
1 |
|
|a бактерии
|
| 610 |
1 |
|
|a прокариоты
|
| 610 |
1 |
|
|a эукариоты
|
| 610 |
1 |
|
|a микроорганизмы
|
| 610 |
1 |
|
|a генетика
|
| 610 |
1 |
|
|a окружающая среда
|
| 610 |
1 |
|
|a питание
|
| 610 |
1 |
|
|a метаболизм
|
| 610 |
1 |
|
|a рост
|
| 610 |
1 |
|
|a размножение
|
| 610 |
1 |
|
|a углерод
|
| 610 |
1 |
|
|a азот
|
| 610 |
1 |
|
|a сера
|
| 610 |
1 |
|
|a фосфор
|
| 610 |
1 |
|
|a железо
|
| 610 |
1 |
|
|a микробиологические превращения
|
| 610 |
1 |
|
|a сельскохозяйственная микробиология
|
| 610 |
1 |
|
|a почва
|
| 610 |
1 |
|
|a растения
|
| 610 |
1 |
|
|a микробные биопрепараты
|
| 610 |
1 |
|
|a микробный синтез
|
| 610 |
1 |
|
|a биоконверсия
|
| 610 |
1 |
|
|a агропромышленный комплекс
|
| 610 |
1 |
|
|a отходы
|
| 610 |
1 |
|
|a микробиологическая трансформация
|
| 610 |
1 |
|
|a учебники
|
| 675 |
|
|
|a 579(075.8)
|v 3
|
| 700 |
|
1 |
|a Емцев
|b В. Т.
|g Всеволод Тихонович
|
| 701 |
|
1 |
|a Мишустин
|b Е. Н.
|g Евгений Николаевич
|
| 801 |
|
1 |
|a RU
|b 63413507
|c 20120417
|
| 801 |
|
2 |
|a RU
|b 63413507
|c 20150526
|g RCR
|
| 900 |
|
|
|a Микробиология
|
| 900 |
|
|
|a Основы микробиологии и биотехнологии
|
| 942 |
|
|
|c BK
|
| 951 |
|
|
|b 110400
|
| 959 |
|
|
|a 59/20120417
|d 5
|e 339,00
|f ЧЗТЛ:1
|f АНЛ:1
|